[Event "Chess Festival Groningen 2019 A"]
[Site "Groningen , Netherlands"]
[Date "2019.12.24"]
[Round "4.4"]
[White "Van Foreest, Lucas"]
[Black "Tiviakov, Sergei"]
[Result "1/2-1/2"]
[WhiteElo "2526"]
[BlackElo "2615"]
[PlyCount "73"]
[EventDate "2019.12.??"]

1. d4 Nf6 2. c4 e6 3. Nc3 Bb4 4. Qc2 d5 5. cxd5 Qxd5 6. e3 c5 7. a3 Bxc3+ 8.
bxc3 Nbd7 9. f3 Qd6 10. Bb2 e5 11. e4 exd4 12. cxd4 cxd4 13. Rd1 O-O 14. Ne2
Qe7 15. Ng3 Ne5 16. Bxd4 Rd8 17. Kf2 Nc6 18. Bc5 Qe5 19. Rxd8+ Nxd8 20. Be3 Ne6
21. Qd2 Bd7 22. Be2 Bc6 23. Rc1 a6 24. Qc3 Qxc3 25. Rxc3 g6 26. Bd3 Kf8 27. Ne2
Ke7 28. Nd4 Nxd4 29. Bxd4 Nd7 30. Ke3 f6 31. Be2 Kd6 32. Rc1 Re8 33. Kd2 Ne5
34. Bc5+ Kc7 35. Bd4 Kd6 36. Bc5+ Kc7 37. Bd4 1/2-1/2

[Event "Chess Festival Groningen 2019 A"]
[Site "Groningen , Netherlands"]
[Date "2019.12.24"]
[Round "4.10"]
[White "Pacher, Milan"]
[Black "Zhou, Guijue"]
[Result "1-0"]
[WhiteElo "2427"]
[BlackElo "2238"]
[PlyCount "43"]
[EventDate "2019.12.??"]

1. e4 e5 2. Nf3 Nf6 3. Nxe5 d6 4. Nf3 Nxe4 5. d4 d5 6. Bd3 Nc6 7. O-O Be7 8.
Nc3 Nxc3 9. bxc3 O-O 10. h3 Bf6 11. Bf4 Re8 12. Qd2 Ne7 13. Rae1 c6 14. g4 h6
15. Bxh6 gxh6 16. Qxh6 Bg7 17. Qh7+ Kf8 18. Ng5 Bxg4 19. hxg4 Ng8 20. Qh5 Re7
21. Qxf7+ Rxf7 22. Nh7# 1-0

[Event "Chess Festival Groningen 2019 A"]
[Site "Groningen , Netherlands"]
[Date "2019.12.24"]
[Round "4.11"]
[White "Maris, Ivo"]
[Black "Hilwerda, Jonas"]
[Result "1/2-1/2"]
[WhiteElo "2413"]
[BlackElo "2228"]
[PlyCount "160"]
[EventDate "2019.12.??"]

1. c4 Nf6 2. b3 g6 3. Bb2 Bg7 4. g3 O-O 5. Bg2 d6 6. d4 c6 7. Nf3 Qa5+ 8. Qd2
Qxd2+ 9. Nfxd2 d5 10. Nc3 Rd8 11. O-O dxc4 12. Nxc4 Nd5 13. Ne4 Bf5 14. Rac1
Bxe4 15. Bxe4 Na6 16. Rfd1 Rd7 17. Bf3 Rad8 18. e3 e6 19. Be2 Nac7 20. Na5 Ne8
21. a3 c5 22. Bb5 Rc7 23. e4 Ne7 24. e5 cxd4 25. Bxe8 Rxc1 26. Rxc1 Rxe8 27.
Bxd4 b6 28. Nb7 Rc8 29. Rxc8+ Nxc8 30. a4 Kf8 31. b4 Ke8 32. a5 Kd7 33. b5 Bf8
34. a6 Bb4 35. Kg2 Kc7 36. Kf3 Ne7 37. Nd6 Nf5 38. Nxf5 gxf5 39. Be3 Bc3 40.
Bf4 Bd4 41. g4 Kd7 42. Bg3 Ke7 43. Kf4 fxg4 44. Kxg4 Kf8 45. Kf4 Bc3 46. Bh4
Ke8 47. Ke4 Bb4 48. Bg5 Be7 49. Kf4 Bc5 50. Bh4 Bd4 51. Bg3 Kf8 52. Ke4 Bc5 53.
Bh4 Be7 54. Bg3 Kg7 55. Bf4 Kg6 56. Be3 Bd8 57. Bd2 Be7 58. Be3 Bd8 59. f4 Kh5
60. f5 Kg4 61. f6 Bc7 62. Bh6 Bd8 63. Bf8 Bc7 64. Bd6 Bd8 65. Bb8 Kh5 66. Kf4
Kg6 67. Kg4 h5+ 68. Kh4 Kh6 69. Bd6 Kg6 70. Kg3 Kh6 71. Kf4 Kg6 72. Bf8 Bc7 73.
Be7 Kh6 74. Bb4 Kg6 75. Bd2 Bd8 76. Ke4 Bc7 77. h4 Bd8 78. Bb4 Bc7 79. Bd6 Bd8
80. Bb8 Kh6 1/2-1/2

[Event "Chess Festival Groningen 2019 A"]
[Site "Groningen , Netherlands"]
[Date "2019.12.24"]
[Round "4.12"]
[White "Gomes, Mary Ann"]
[Black "Varshini, V."]
[Result "0-1"]
[WhiteElo "2324"]
[BlackElo "2227"]
[PlyCount "116"]
[EventDate "2019.12.??"]

1. Nf3 d5 2. c4 e6 3. g3 Nf6 4. Bg2 Be7 5. O-O O-O 6. b3 c5 7. e3 Nc6 8. Bb2 b6
9. Nc3 Ba6 10. d3 Rc8 11. Qe2 Qc7 12. Rac1 Rfd8 13. Rfd1 Qb8 14. h4 Bb7 15. Qf1
d4 16. exd4 Nxd4 17. Nxd4 Bxg2 18. Qxg2 cxd4 19. Ne4 Ng4 20. Rc2 h6 21. Re2 f5
22. Nd2 e5 23. Qf3 g6 24. h5 Kg7 25. hxg6 Kxg6 26. Qg2 Qa8 27. Qxa8 Rxa8 28.
Nf1 Bd6 29. Rde1 h5 30. f3 Nf6 31. Nd2 Kf7 32. c5 bxc5 33. Nc4 e4 34. Nxd6+
Rxd6 35. fxe4 fxe4 36. dxe4 Ng4 37. e5 Re6 38. b4 d3 39. Re4 Rb8 40. Rd1 Rxb4
41. Rxb4 cxb4 42. Rxd3 Nxe5 43. Bxe5 Rxe5 44. Rd7+ Re7 45. Rd5 Re3 46. Rd7+ Ke6
47. Rxa7 Rxg3+ 48. Kf1 h4 49. Rh7 h3 50. Rh4 Kd5 51. Kf2 Rg2+ 52. Kf1 Rxa2 53.
Rxh3 Kc4 54. Rh4+ Kc3 55. Rh3+ Kc2 56. Rh8 b3 57. Ke2 b2 58. Rc8+ Kb1 0-1

[Event "Chess Festival Groningen 2019 A"]
[Site "Groningen , Netherlands"]
[Date "2019.12.26"]
[Round "5"]
[White "Berndt, Matthias"]
[Black "Elgersma, Onno"]
[Result "1/2-1/2"]
[WhiteElo "2065"]
[BlackElo "2319"]
[PlyCount "89"]
[EventDate "2019.12.??"]

1. e4 e6 2. d4 d5 3. Nd2 Nf6 4. g3 c5 5. Bg2 Nc6 6. Ngf3 Be7 7. O-O O-O 8. Re1
Qc7 9. c3 b5 10. e5 Nd7 11. Qe2 b4 12. c4 Nb6 13. Nf1 Bb7 14. h4 Rfd8 15. N1h2
a5 16. b3 a4 17. Bf4 axb3 18. axb3 Rxa1 19. Rxa1 Ra8 20. Rxa8+ Bxa8 21. Ng5
Bxg5 22. hxg5 Nxd4 23. Qh5 dxc4 24. Bxa8 Nxa8 25. bxc4 Qb7 26. Qd1 Qe4 27. f3
Qf5 28. Qa1 Nc7 29. Qa7 Qb1+ 30. Kg2 Qc2+ 31. Kh3 Ne8 32. Qe7 h5 33. Qxe8+ Kh7
34. Qxf7 Qg6 35. Qxg6+ Kxg6 36. g4 Nb3 37. Nf1 Na5 38. Nd2 b3 39. Be3 b2 40.
Nb1 Nxc4 41. Bxc5 hxg4+ 42. Kxg4 Nxe5+ 43. Kg3 Nd3 44. Be3 Kf5 45. Bd2 1/2-1/2

[Event "Chess Festival Groningen 2019 A"]
[Site "Groningen , Netherlands"]
[Date "2019.12.26"]
[Round "5"]
[White "Boersma, Jan"]
[Black "Kumar, Naman"]
[Result "1/2-1/2"]
[WhiteElo "2069"]
[BlackElo "2082"]
[PlyCount "48"]
[EventDate "2019.12.??"]

1. e4 e5 2. Nc3 Nc6 3. Nf3 Nf6 4. Bb5 Nd4 5. O-O c6 6. Bd3 Nxf3+ 7. Qxf3 d6 8.
Bc4 Be6 9. d3 Be7 10. Bxe6 fxe6 11. Qh3 Qd7 12. a4 O-O 13. Bd2 Rae8 14. Kh1 d5
15. Rae1 Bb4 16. Nb1 Bc5 17. Bc3 Bd6 18. b3 Qf7 19. Nd2 d4 20. Nc4 Qc7 21. Bd2
b5 22. Nxd6 Qxd6 23. Ra1 b4 24. a5 a6 1/2-1/2

[Event "Chess Festival Groningen 2019 A"]
[Site "Groningen , Netherlands"]
[Date "2019.12.26"]
[Round "5"]
[White "Bruil, Rembrandt"]
[Black "Haan, Gertjan"]
[Result "1/2-1/2"]
[WhiteElo "2206"]
[BlackElo "1936"]
[PlyCount "119"]
[EventDate "2019.12.??"]

1. d4 Nf6 2. Nf3 g6 3. g3 Bg7 4. Bg2 O-O 5. O-O d6 6. b3 e5 7. dxe5 dxe5 8. Ba3
Qxd1 9. Rxd1 Re8 10. Nc3 e4 11. Nd2 e3 12. fxe3 c6 13. Nc4 Na6 14. Rab1 Bf5 15.
Rd2 Bh6 16. Nd1 Ng4 17. h3 Nxe3 18. Ndxe3 Rxe3 19. g4 Be6 20. Rbd1 Bxc4 21.
Rd8+ Re8 22. Rxa8 Rxa8 23. bxc4 Be3+ 24. Kf1 Nc5 25. Bxc5 Bxc5 26. Rd7 Rb8 27.
Rd3 Kf8 28. Ke1 Re8 29. h4 Re7 30. Kd2 Ke8 31. h5 Rd7 32. Bf3 Ke7 33. Kc3 Rxd3+
34. cxd3 Ke6 35. d4 Be7 36. Kd3 Bg5 37. hxg6 hxg6 38. e4 f6 39. e5 fxe5 40. d5+
Kd6 41. dxc6 bxc6 42. Be4 c5 43. Bxg6 Ke6 44. Ke4 Bd2 45. Bf5+ Kf6 46. Kd5 Bb4
47. Kd6 Ba3 48. Kd5 Bb4 49. Bc8 a5 50. Bf5 Ba3 51. Kc6 Kg5 52. Kb5 Bb4 53. Kc6
e4 54. Bxe4 Kxg4 55. Kb5 Kf4 56. Bd5 Ke5 57. Ka4 Kd4 58. a3 Be1 59. Kb5 Bc3 60.
a4 1/2-1/2

[Event "Chess Festival Groningen 2019 A"]
[Site "Groningen , Netherlands"]
[Date "2019.12.26"]
[Round "5"]
[White "Danada, Tomas"]
[Black "Theulings, Paul-Peter"]
[Result "1-0"]
[WhiteElo "2271"]
[BlackElo "2070"]
[PlyCount "71"]
[EventDate "2019.12.??"]

1. d4 Nf6 2. c4 e6 3. Nc3 Bb4 4. Nf3 b6 5. Bg5 h6 6. Bh4 g5 7. Bg3 Ne4 8. Qc2
Bb7 9. e3 Bxc3+ 10. bxc3 d6 11. Bd3 f5 12. d5 Na6 13. Bxe4 fxe4 14. Qxe4 Qf6
15. Qxe6+ Qxe6 16. dxe6 Bxf3 17. gxf3 Nc5 18. h4 Ke7 19. Rd1 Nxe6 20. Ke2 Raf8
21. Rd5 a5 22. e4 Rhg8 23. hxg5 hxg5 24. e5 dxe5 25. Bxe5 Rf7 26. Rhd1 Rc8 27.
Rd7+ Ke8 28. Rxf7 Kxf7 29. Rd7+ Kg6 30. Bd4 Re8 31. Be3 Kf6 32. Kd3 c5 33. Rd5
Rb8 34. a4 Rb7 35. Ke4 Re7 36. Rd6 1-0

[Event "Chess Festival Groningen 2019 A"]
[Site "Groningen , Netherlands"]
[Date "2019.12.26"]
[Round "5"]
[White "Harshini A"]
[Black "Grutter, Tim"]
[Result "0-1"]
[WhiteElo "2076"]
[BlackElo "2214"]
[PlyCount "144"]
[EventDate "2019.12.??"]

1. e4 c5 2. Nf3 e6 3. d4 cxd4 4. Nxd4 Nc6 5. Nc3 Qc7 6. Be2 a6 7. O-O Nf6 8.
Be3 Bb4 9. Nxc6 bxc6 10. Qd3 O-O 11. Na4 d5 12. Nb6 Rb8 13. e5 Qxe5 14. Bd4 Qc7
15. Nxc8 Rfxc8 16. Bxf6 gxf6 17. f4 Bd6 18. Qg3+ Kh8 19. Qh4 Qe7 20. Bxa6 Rg8
21. Bd3 f5 22. Qxe7 Bxe7 23. b3 Ba3 24. Rad1 Ra8 25. Kh1 Kg7 26. Rf3 Kf6 27.
Rdf1 Rg4 28. Be2 Rh4 29. g3 Rh6 30. Rb1 Bd6 31. a4 Rg6 32. Ra1 Ra5 33. Rc3 c5
34. Rd1 Rg8 35. Bb5 Ra7 36. Rf3 Rd8 37. Ra1 Rb8 38. Be2 Ra5 39. Rd1 Bc7 40. Re3
Bb6 41. Kg2 Ra7 42. Rf3 Ke7 43. Bb5 Kd6 44. Rfd3 Rd8 45. Rf3 f6 46. Bd3 Re7 47.
Re1 Rde8 48. Re2 h6 49. Kh3 h5 50. Kg2 h4 51. Re1 Rh8 52. Ba6 Ba5 53. c3 e5 54.
fxe5+ fxe5 55. Rxf5 Bxc3 56. Rd1 hxg3 57. hxg3 Bd4 58. Rf6+ Re6 59. Rxe6+ Kxe6
60. Rh1 Rb8 61. Bb5 e4 62. Rh6+ Bf6 63. g4 Ke5 64. Rh5+ Kd4 65. Bc6 Be5 66. Rh7
Rxb3 67. Rd7 Rb2+ 68. Kf1 Kd3 69. Bxd5 e3 70. Be6+ Bd4 71. Bf5+ Kd2 72. Re7 Ra2
0-1

[Event "Chess Festival Groningen 2019 A"]
[Site "Groningen , Netherlands"]
[Date "2019.12.26"]
[Round "5"]
[White "Hilverda, Alexander"]
[Black "Sparenberg, Erik"]
[Result "1-0"]
[WhiteElo "2294"]
[BlackElo "2134"]
[PlyCount "95"]
[EventDate "2019.12.??"]

1. e4 e5 2. Nf3 Nc6 3. Bc4 Nf6 4. d3 Be7 5. O-O O-O 6. Re1 d6 7. a4 Be6 8. Nbd2
Qd7 9. c3 Rfe8 10. b4 Bf8 11. Bxe6 Qxe6 12. b5 Ne7 13. Nb3 a6 14. bxa6 Rxa6 15.
d4 Ng6 16. d5 Qc8 17. c4 b6 18. a5 Qb7 19. Qc2 Rea8 20. Bd2 Qc8 21. h3 Nd7 22.
Kh2 Ne7 23. Rec1 g6 24. Ne1 f5 25. f3 Bg7 26. Nd3 bxa5 27. Rxa5 Rxa5 28. Nxa5
Nf6 29. Re1 Qf8 30. c5 Bh6 31. Bb4 Ne8 32. Nc4 Nc8 33. cxd6 cxd6 34. Ncxe5 fxe4
35. fxe4 Bf4+ 36. Kh1 Bg3 37. Rb1 Ne7 38. Nc6 Nf6 39. e5 Nfxd5 40. Bxd6 Qe8 41.
Ndb4 Kg7 42. Nxe7 Nxe7 43. Qc7 Bh4 44. Nd5 Rc8 45. Qb7 Qc6 46. Bxe7 Bg3 47.
Bf8+ Kxf8 48. Qe7+ 1-0

[Event "Chess Festival Groningen 2019 A"]
[Site "Groningen , Netherlands"]
[Date "2019.12.26"]
[Round "5"]
[White "Krasenkova, Ilena"]
[Black "Lubbe, Melanie"]
[Result "1-0"]
[WhiteElo "2174"]
[BlackElo "2279"]
[PlyCount "43"]
[EventDate "2019.12.??"]

1. d4 d6 2. Nf3 g6 3. c4 Bg7 4. Nc3 Nd7 5. e4 e5 6. Be3 Nh6 7. h3 f6 8. dxe5
dxe5 9. c5 c6 10. Bc4 Qe7 11. b4 Nf8 12. Qb3 Ne6 13. Rd1 Nf7 14. O-O O-O 15.
Rfe1 Kh8 16. Ne2 f5 17. exf5 gxf5 18. Bc1 b5 19. cxb6 axb6 20. Nf4 Neg5 21. Nh5
Nxf3+ 22. Qxf3 1-0

[Event "Chess Festival Groningen 2019 A"]
[Site "Groningen , Netherlands"]
[Date "2019.12.26"]
[Round "5"]
[White "Markus, John Raymond"]
[Black "Kolbus, Dietmar"]
[Result "0-1"]
[WhiteElo "1996"]
[BlackElo "2294"]
[PlyCount "82"]
[EventDate "2019.12.??"]

1. g3 Nf6 2. Bg2 d5 3. d3 c6 4. Nf3 Nbd7 5. O-O e5 6. c4 dxc4 7. dxc4 Bc5 8. a3
a5 9. Nc3 O-O 10. Bg5 Qc7 11. Qc2 Re8 12. Nd2 h6 13. Bxf6 Nxf6 14. Nde4 Nxe4
15. Nxe4 Be7 16. Rad1 Be6 17. c5 Red8 18. Qc3 f6 19. b4 axb4 20. axb4 Ra2 21.
e3 Rda8 22. Ra1 f5 23. Rxa2 Rxa2 24. Nd2 e4 25. Nc4 Bf6 26. Qc1 Ra4 27. Nd6 Be5
28. Bh3 Bxd6 29. Qd1 Rxb4 30. cxd6 Qd7 31. Qd2 Rb5 32. Ra1 Rd5 33. Qb4 Rxd6 34.
Ra8+ Kh7 35. Bf1 Rd1 36. Kg2 b5 37. Be2 Rd2 38. Bh5 Qd6 39. Qa5 Ra2 40. Rd8 Qe5
41. Qb4 f4 0-1

[Event "Chess Festival Groningen 2019 A"]
[Site "Groningen , Netherlands"]
[Date "2019.12.26"]
[Round "5"]
[White "Nicolai, Amir"]
[Black "Gijsen, William"]
[Result "1-0"]
[WhiteElo "2108"]
[BlackElo "1948"]
[PlyCount "73"]
[EventDate "2019.12.??"]

1. c4 e5 2. Nc3 Nc6 3. Nf3 g6 4. e3 Bg7 5. d4 d6 6. b4 exd4 7. exd4 Bg4 8. Be3
Bxf3 9. gxf3 Qf6 10. Nd5 Qd8 11. Bg2 Nge7 12. Bg5 h6 13. Bf6 Bxf6 14. Nxf6+ Kf8
15. b5 Nb8 16. f4 Nd7 17. Nxd7+ Qxd7 18. Bxb7 Rb8 19. Bg2 d5 20. O-O Kg7 21. a4
dxc4 22. Rc1 Nd5 23. Qf3 Nb6 24. Qc3 Nxa4 25. Qxc4 Nb6 26. Qxc7 Qxd4 27. Rfd1
Qa4 28. Qe5+ Kh7 29. Ra1 Qc2 30. Be4 Qc4 31. Rxa7 Rhf8 32. f5 Kg8 33. fxg6 Ra8
34. gxf7+ Qxf7 35. Qg3+ Kh8 36. Rxf7 Rxf7 37. Bg6 1-0

[Event "Chess Festival Groningen 2019 A"]
[Site "Groningen , Netherlands"]
[Date "2019.12.26"]
[Round "5"]
[White "Pienabarca, Nicola"]
[Black "Rut, Vojtech"]
[Result "0-1"]
[WhiteElo "2077"]
[BlackElo "2119"]
[PlyCount "95"]
[EventDate "2019.12.??"]

1. d4 d5 2. c4 e6 3. Nf3 c6 4. g3 f5 5. Bg2 Nf6 6. O-O Bd6 7. b3 Qe7 8. Bf4
Bxf4 9. gxf4 Nbd7 10. Nbd2 O-O 11. e3 b6 12. Qc2 Bb7 13. Qb2 c5 14. Ne5 cxd4
15. Qxd4 Rad8 16. Qb2 Nxe5 17. fxe5 Ne4 18. Rad1 dxc4 19. Nxc4 Ng5 20. f4 Bxg2
21. Qxg2 Ne4 22. Rd4 Rxd4 23. exd4 Rd8 24. Rd1 Qb4 25. Qb2 Qc3 26. Qxc3 Nxc3
27. Rd2 Rxd4 28. Rxd4 Ne2+ 29. Kf2 Nxd4 30. Nd6 Nc6 31. a3 h6 32. h4 g5 33.
hxg5 hxg5 34. fxg5 Kg7 35. b4 Kg6 36. Ke3 Kxg5 37. Nf7+ Kg6 38. Nd6 Nxe5 39.
Kf4 Nd7 40. Nb5 e5+ 41. Kf3 a6 42. Nc7 a5 43. Nd5 axb4 44. axb4 Kg5 45. Nc7 e4+
46. Ke3 Kg4 47. Nb5 Kg3 48. Nd4 {... N.U. [60]} 0-1

[Event "Chess Festival Groningen 2019 A"]
[Site "Groningen , Netherlands"]
[Date "2019.12.26"]
[Round "5"]
[White "Sodoma, Jan"]
[Black "Van Foreest, Machteld"]
[Result "1/2-1/2"]
[WhiteElo "2312"]
[BlackElo "2187"]
[PlyCount "148"]
[EventDate "2019.12.??"]

1. d4 d5 2. Nf3 Nf6 3. c4 c6 4. e3 e6 5. Nbd2 Bd6 6. Bd3 Nbd7 7. O-O O-O 8. b3
e5 9. cxd5 Nxd5 10. Nc4 Qe7 11. dxe5 Bb4 12. Qc2 h6 13. Bb2 b5 14. Ncd2 Bb7 15.
Ne4 Nc5 16. Nxc5 Bxc5 17. a3 Rfd8 18. Nd4 Bxd4 19. exd4 Nf4 20. Be4 Rd7 21.
Rad1 Rad8 22. Rd2 c5 23. Bxb7 Rxb7 24. Qe4 Qg5 25. Bc1 Rbd7 26. d5 Rxd5 27.
Rxd5 Nh3+ 28. Kh1 Nxf2+ 29. Kg1 Nxe4 30. Bxg5 Rxd5 31. Bf4 g5 32. Re1 gxf4 33.
Rxe4 Rd3 34. a4 Rxb3 35. axb5 Rb4 36. Re2 Rxb5 37. Ra2 a5 38. Ra4 Kg7 39. Kf2
Kg6 40. Rxf4 Rb4 41. Rf6+ Kg7 42. Rc6 c4 43. Ke3 a4 44. g3 a3 45. Ra6 Rb2 46.
Kd4 a2 47. h3 Rc2 48. g4 Kh7 49. Ra8 Kg7 50. Ke3 Rh2 51. Kd4 Rxh3 52. Rxa2 c3
53. Ra8 Rg3 54. Rc8 Rxg4+ 55. Kxc3 Re4 56. Rc5 Kg6 57. Kd3 Re1 58. Kd2 Rf1 59.
Rc6+ Kg5 60. e6 fxe6 61. Rxe6 h5 62. Ke2 Rf5 63. Re8 Kg4 64. Rg8+ Kh3 65. Rg7
h4 66. Rg8 Kh2 67. Rg6 h3 68. Rg8 Kh1 69. Rg7 Ra5 70. Kf1 Ra2 71. Rg8 Rg2 72.
Rf8 Rg7 73. Rf3 Kh2 74. Kf2 Rg6 1/2-1/2

[Event "Chess Festival Groningen 2019 A"]
[Site "Groningen , Netherlands"]
[Date "2019.12.26"]
[Round "5"]
[White "Van Baar, Esper"]
[Black "Simet, Martin"]
[Result "1-0"]
[WhiteElo "2181"]
[BlackElo "2257"]
[PlyCount "35"]
[EventDate "2019.12.??"]

1. e4 d6 2. d4 Nf6 3. Nc3 e5 4. Nf3 Nbd7 5. Bc4 Be7 6. a4 a5 7. Ng5 O-O 8.
Bxf7+ Rxf7 9. Ne6 Qe8 10. Nxc7 Qf8 11. Nxa8 exd4 12. Qxd4 d5 13. Be3 Ng4 14.
Nxd5 Bc5 15. Qd2 Rxf2 16. Bxf2 Bxf2+ 17. Kd1 Ndf6 18. Qf4 1-0

[Event "Chess Festival Groningen 2019 A"]
[Site "Groningen , Netherlands"]
[Date "2019.12.26"]
[Round "5"]
[White "Van Dael, Siem"]
[Black "Zwirs, Jasper"]
[Result "1-0"]
[WhiteElo "2255"]
[BlackElo "2062"]
[PlyCount "107"]
[EventDate "2019.12.??"]

1. e4 c5 2. Nf3 d6 3. d4 cxd4 4. Nxd4 Nf6 5. Nc3 a6 6. Be3 e5 7. Nb3 Be7 8. f3
Be6 9. Qd2 Nbd7 10. g4 b5 11. O-O-O b4 12. Nd5 Bxd5 13. exd5 Nb6 14. Na5 Nbxd5
15. Nc6 Qc7 16. Nxe7 Nxe3 17. Qxe3 Kxe7 18. g5 Nh5 19. Qe4 g6 20. Bc4 Rhd8 21.
Bb3 Rab8 22. Rd4 Kf8 23. Rxb4 Rxb4 24. Qxb4 Qe7 25. h4 d5 26. Qa5 Qd6 27. Rd1
d4 28. Bc4 Rc8 29. Qxa6 Rc6 30. Qa8+ Kg7 31. Bb3 Nf4 32. Kb1 Ng2 33. Qb7 Rc7
34. Qe4 Ne3 35. Rh1 Nc4 36. Bxc4 Rxc4 37. h5 Rc5 38. h6+ Kg8 39. Re1 f5 40. Qb7
Rc7 41. Qb8+ Kf7 42. Qh8 Ke6 43. b3 Re7 44. Qc8+ Qd7 45. Qg8+ Rf7 46. Qh8 Qd5
47. f4 e4 48. Rd1 e3 49. Rxd4 e2 50. Qe8+ Re7 51. Qg8+ Rf7 52. Rxd5 e1=Q+ 53.
Kb2 Kxd5 54. Qxf7+ 1-0

[Event "Chess Festival Groningen 2019 A"]
[Site "Groningen , Netherlands"]
[Date "2019.12.26"]
[Round "5"]
[White "Van Randtwijk, Mick"]
[Black "Ananya Rishi Gupta"]
[Result "0-1"]
[WhiteElo "2047"]
[BlackElo "2037"]
[PlyCount "86"]
[EventDate "2019.12.??"]

1. e4 e5 2. Nf3 Nc6 3. Bb5 a6 4. Ba4 Nf6 5. d3 b5 6. Bb3 d6 7. Ng5 d5 8. exd5
Nd4 9. c4 h6 10. Ne4 bxc4 11. Nxf6+ Qxf6 12. dxc4 Qg6 13. Ba4+ Kd8 14. Rg1 Bg4
15. Qd2 Bf5 16. Nc3 Nf3+ 17. gxf3 Qxg1+ 18. Ke2 Bc5 19. Qe1 Qxh2 20. d6 Bxd6
21. Be3 Qh4 22. b3 e4 23. fxe4 Bxe4 24. Rd1 Qg4+ 25. Kd2 Bf3 26. Ne2 Ke7 27. c5
Be5 28. Kc1 Rhd8 29. Nd4 Bxd1 30. Nc6+ Kf8 31. Nxe5 Qf5 32. Qc3 Be2 33. b4 Bb5
34. Bc2 Qf6 35. a4 Be8 36. Bh7 Rd5 37. f4 Rad8 38. c6 R8d6 39. Kb2 Bxc6 40. Bc5
Bxa4 41. Qc4 Rxc5 42. Qxc5 Bb5 43. Qxc7 Rd8 0-1

[Event "Chess Festival Groningen 2019 A"]
[Site "Groningen , Netherlands"]
[Date "2019.12.26"]
[Round "5"]
[White "Van Roon, Sjoerd"]
[Black "Tabak, Stefan"]
[Result "1-0"]
[WhiteElo "2080"]
[BlackElo "2166"]
[PlyCount "67"]
[EventDate "2019.12.??"]

1. e4 c5 2. Nf3 Nc6 3. d4 cxd4 4. Nxd4 e5 5. Nb5 d6 6. c4 Be7 7. Bd3 Nf6 8. O-O
O-O 9. N1c3 a6 10. Na3 Be6 11. Nc2 Rc8 12. h3 Ne8 13. b3 Bg5 14. Ba3 g6 15. Qf3
f5 16. Rad1 Rc7 17. Qe2 f4 18. Qf3 Rd7 19. Rd2 Be7 20. Rfd1 g5 21. Be2 Nf6 22.
Nd5 Bxd5 23. Rxd5 Kh8 24. Qd3 h5 25. c5 Nxd5 26. exd5 dxc5 27. Qg6 Nd4 28. Nxd4
cxd4 29. Qh6+ Kg8 30. d6 Bxd6 31. Bc4+ Rff7 32. Qg6+ Kh8 33. Bxf7 Rxf7 34. Bxd6
1-0

[Event "Chess Festival Groningen 2019 A"]
[Site "Groningen , Netherlands"]
[Date "2019.12.26"]
[Round "5"]
[White "Wedda, Dries"]
[Black "Balje, Jan"]
[Result "1/2-1/2"]
[WhiteElo "2209"]
[BlackElo "2179"]
[PlyCount "107"]
[EventDate "2019.12.??"]

1. d4 Nf6 2. c4 e6 3. g3 Bb4+ 4. Bd2 Be7 5. Bg2 d5 6. Nf3 O-O 7. O-O c6 8. Qc2
Nbd7 9. Rc1 a5 10. a3 Bd6 11. Bf4 Be7 12. h4 Ne4 13. Nbd2 f5 14. Nxe4 fxe4 15.
Ng5 Nf6 16. Bh3 Nh5 17. Be3 Rf6 18. Bg4 Qe8 19. b4 h6 20. Nh3 Qg6 21. Bxh5 Qxh5
22. Nf4 Qf7 23. b5 Bd7 24. bxc6 Bxc6 25. Qd2 Bd6 26. cxd5 exd5 27. Kg2 a4 28.
Rf1 Bb5 29. f3 exf3+ 30. Rxf3 Bc4 31. Raf1 Rf8 32. Nd3 Qe7 33. Bf4 Bxa3 34. Ne5
Bb4 35. Qc2 Bb3 36. Rxb3 axb3 37. Qxb3 Rd8 38. Rb1 Rb6 39. Qa2 Ba5 40. Rc1 Bb4
41. e4 Ra6 42. Qb1 g5 43. hxg5 hxg5 44. Be3 Bd6 45. Ng4 Qxe4+ 46. Qxe4 dxe4 47.
Bxg5 Ra2+ 48. Kh3 Rf8 49. Rb1 Rb8 50. Nf6+ Kf7 51. Nxe4 Ke6 52. Nxd6 Rh8+ 53.
Bh4 Kxd6 54. Rxb7 1/2-1/2

[Event "Chess Festival Groningen 2019 A"]
[Site "Groningen , Netherlands"]
[Date "2019.12.26"]
[Round "5"]
[White "Woong, Zhi Wei William"]
[Black "Shakverdian, William"]
[Result "1/2-1/2"]
[WhiteElo "2222"]
[BlackElo "2039"]
[PlyCount "96"]
[EventDate "2019.12.??"]

1. e4 e5 2. Nf3 Nc6 3. Bb5 a6 4. Ba4 Nf6 5. O-O b5 6. Bb3 Be7 7. Re1 d6 8. c3
O-O 9. d4 Bg4 10. d5 Na5 11. Bc2 Qc8 12. Nbd2 c6 13. dxc6 Qxc6 14. h3 Bd7 15.
Nf1 Rfc8 16. Bd3 Nb7 17. Ng3 Nc5 18. Bc2 a5 19. Be3 b4 20. cxb4 axb4 21. Bxc5
Qxc5 22. Bb3 h6 23. Nh4 Bf8 24. Nh5 Nh7 25. Nf5 g6 26. Qg4 d5 27. Bxd5 Bxf5 28.
Bxf7+ Kxf7 29. exf5 Ra6 30. fxg6+ Rxg6 31. Qf5+ Nf6 32. Rxe5 Qc6 33. g4 Rg5 34.
Qf4 Rxe5 35. Qxe5 Re8 36. Qf5 Qe6 37. Qf3 Be7 38. Qf4 Kg6 39. Qf3 Nxh5 40.
gxh5+ Kh7 41. Kh1 Rg8 42. Rc1 Bd6 43. Qd3+ Kh8 44. Rg1 Rg5 45. Rxg5 hxg5 46.
Kg2 Qf6 47. a3 bxa3 48. bxa3 Bc5 1/2-1/2

[Event "Chess Festival Groningen 2019 A"]
[Site "Groningen , Netherlands"]
[Date "2019.12.26"]
[Round "5"]
[White "Zhou, Guijue"]
[Black "Albers, Sasa"]
[Result "1-0"]
[WhiteElo "2238"]
[BlackElo "1997"]
[PlyCount "107"]
[EventDate "2019.12.??"]

1. e4 c6 2. d4 d5 3. e5 c5 4. dxc5 e6 5. Bd3 Bxc5 6. Qg4 g6 7. Nf3 Nc6 8. O-O
Bd7 9. Nc3 a6 10. a3 Be7 11. Re1 Qc7 12. Bd2 Rc8 13. h4 h5 14. Qg3 Nh6 15. Bxh6
Rxh6 16. Ng5 Qd8 17. Ne2 Bxg5 18. hxg5 Rh8 19. b4 Kf8 20. Rac1 Kg7 21. c4 Ne7
22. c5 Nc6 23. Rb1 Qe7 24. Kh2 a5 25. Qe3 axb4 26. axb4 Ra8 27. b5 Na5 28. Rec1
Rhc8 29. f4 Be8 30. Qd4 Bd7 31. Rc3 Qe8 32. Qb4 Qe7 33. Nd4 b6 34. c6 Qxb4 35.
Rxb4 Rc7 36. Ra4 Bc8 37. Rca3 Rca7 38. Bc2 Kf8 39. Kg3 Ke8 40. Kf2 Kd8 41. Ke2
Kc7 42. Kd3 Kb8 43. Kc3 Kc7 44. Kb4 Kb8 45. Bd3 Nc4 46. Bxc4 Rxa4+ 47. Rxa4
Rxa4+ 48. Kxa4 dxc4 49. Kb4 Kc7 50. Kxc4 Kd8 51. Ne2 Kc7 52. Nc3 Kd8 53. Na4
Kc7 54. g3 1-0

[Event "Chess Festival Groningen 2019 A"]
[Site "Groningen , Netherlands"]
[Date "2019.12.27"]
[Round "6"]
[White "Albers, Sasa"]
[Black "Nicolai, Amir"]
[Result "1/2-1/2"]
[WhiteElo "1997"]
[BlackElo "2108"]
[PlyCount "97"]
[EventDate "2019.12.??"]

1. e4 c5 2. Nf3 Nc6 3. Bb5 g6 4. O-O Bg7 5. c3 Nf6 6. Re1 O-O 7. h3 d5 8. e5
Ne8 9. d4 cxd4 10. Bxc6 bxc6 11. cxd4 Qc7 12. Nc3 f6 13. Bf4 g5 14. exf6 Qxf4
15. fxg7 Nxg7 16. Qc1 Ne6 17. Qxf4 Rxf4 18. Ne2 Re4 19. Ne5 Ba6 20. Nc3 Rxe1+
21. Rxe1 Nxd4 22. Rd1 Ne2+ 23. Nxe2 Bxe2 24. Rc1 d4 25. Rc2 Bb5 26. b3 d3 27.
Rd2 c5 28. f3 Rd8 29. a4 Ba6 30. Nc6 Rd6 31. Nxa7 c4 32. bxc4 Bxc4 33. Nb5 Bxb5
34. axb5 Rb6 35. Rxd3 Rxb5 36. Kh2 Kf7 37. Rd4 Kf6 38. h4 gxh4 39. Rxh4 h5 40.
Rf4+ Kg5 41. Re4 e5 42. Ra4 Rc5 43. Kh3 Rb5 44. Ra8 Rb4 45. Ra5 Kf6 46. Ra8 Kg5
47. Rg8+ Kf6 48. g3 Rb2 49. Rf8+ 1/2-1/2

[Event "Chess Festival Groningen 2019 A"]
[Site "Groningen , Netherlands"]
[Date "2019.12.27"]
[Round "6"]
[White "Balje, Jan"]
[Black "Markus, John Raymond"]
[Result "1-0"]
[WhiteElo "2179"]
[BlackElo "1996"]
[PlyCount "97"]
[EventDate "2019.12.??"]

1. d4 d6 2. c4 g6 3. Nf3 Bg7 4. Nc3 Bg4 5. g3 Nd7 6. Bg2 c5 7. d5 Ngf6 8. Nd2
Nb6 9. h3 Bc8 10. O-O O-O 11. e4 a6 12. a4 Rb8 13. f4 Ne8 14. Qe2 Qc7 15. Nf3
e5 16. f5 gxf5 17. Nh4 fxe4 18. Nf5 Bxf5 19. Rxf5 Nc8 20. Nxe4 Ne7 21. Rf2 h6
22. g4 f5 23. gxf5 Rxf5 24. Ra3 Rxf2 25. Qxf2 Qd7 26. h4 Ng6 27. Bh3 Qe7 28.
Be6+ Kh8 29. Rg3 Nf4 30. Bxf4 exf4 31. Qxf4 Rd8 32. Rg6 Nc7 33. Bf7 Qf8 34.
Rxd6 Rxd6 35. Nxd6 Bd4+ 36. Kf1 Qg7 37. Nxb7 Qg1+ 38. Ke2 Qg2+ 39. Kd3 Qh3+ 40.
Ke2 Qg2+ 41. Kd3 Qh3+ 42. Ke4 Kg7 43. Bh5 Qh1+ 44. Qf3 Qxh4+ 45. Qg4+ Qxg4+ 46.
Bxg4 Ne8 47. d6 Nf6+ 48. Kf3 Nxg4 49. Kxg4 1-0